[Event "1. OEsterreichische Internet Schach Meisterschaft - Vorrunde 3"]
[Site "Online - Playchess.com"]
[Date ""]
[Round "1"]
[Board "82"]
[White "Rotter, Harald"]
[Black "Huber, Guenther"]
[Result "1/2-1/2"]
[WhiteElo "1854"]
[BlackElo "1979"]
[PlyCount "146"]
[EventDate "2020.04.17"]
[EventRounds "9"]
[EventCountry "AUT"]

1. e4 b6 2. d4 Bb7 3. f3 e6 4. c4 Bb4+ 5. Nc3 Nh6 6. a3 Bxc3+ 7. bxc3 f5 8. Bd3 fxe4
9. fxe4 O-O 10. Nf3 Ng4 11. h3 Nf6 12. Qe2 Qe8 13. O-O d6 14. Bd2 Qh5 15. Bg5 Nbd7
16. d5 exd5 17. exd5 Rae8 18. Qc2 Ne5 19. Nxe5 Rxe5 20. Bxf6 Rxf6 21. Rxf6 gxf6 22.
Rf1 Kg7 23. Qf2 Qh6 24. Qg3+ Qg5 25. Qf3 Bc8 26. Qf4 Qxf4 27. Rxf4 Re3 28. Rf3 Re1+
29. Kf2 Ra1 30. Rg3+ Kf7 31. Bxh7 Rxa3 32. Bg6+ Kf8 33. Re3 Kg7 34. Bh5 Ra2+ 35.
Kg3 Bf5 36. Re7+ Kh6 37. Bf3 Rc2 38. Rxc7 Rxc3 39. Rxa7 Rxc4 40. Rd7 b5 41. Rxd6
Kg7 42. Rb6 Rb4 43. Be2 Rb3+ 44. Kf2 b4 45. Rb7+ Kg6 46. d6 Rb2 47. d7 Rd2 48. Rxb4
Bxd7 49. Re4 f5 50. Re7 Bb5 51. Re5 Kf6 52. Re3 f4 53. Re4 Kf5 54. Re7 Bc4 55. Ke1
Rb2 56. Bxc4 Rxg2 57. Rf7+ Ke4 58. Re7+ Kd4 59. Ba6 f3 60. Bb7 Rg3 61. Kf2 Rxh3 62.
Bxf3 Rh2+ 63. Kg3 Rb2 64. Re4+ Kd3 65. Rg4 Rb6 66. Rg5 Rf6 67. Rd5+ Kc4 68. Rg5 Kd4
69. Rg4+ Ke3 70. Re4+ Kd3 71. Rg4 Ke3 72. Re4+ Kd3 73. Rg4 Ke3  1/2-1/2

[Event "1. OEsterreichische Internet Schach Meisterschaft - Vorrunde 3"]
[Site "Online - Playchess.com"]
[Date ""]
[Round "1"]
[Board "83"]
[White "Kellner, Nikolaus"]
[Black "Wimmer, Kevin"]
[Result "0-1"]
[WhiteElo "1685"]
[BlackElo "1944"]
[PlyCount "56"]
[EventDate "2020.04.17"]
[EventRounds "9"]
[EventCountry "AUT"]

1. g4 d5 2. h3 e5 3. d3 Bc5 4. Nc3 Ne7 5. Nf3 Nbc6 6. Nxe5 Nxe5 7. d4 Bd6 8. dxe5
Bxe5 9. Qd3 c6 10. Bg2 Qc7 11. Bd2 Be6 12. O-O-O O-O-O 13. Bg5 f6 14. Bh4 Qa5 15.
Bg3 Bxg3 16. fxg3 Ng6 17. a3 Ne5 18. Qe3 Kb8 19. Rd4 Qb6 20. Qg1 c5 21. Ra4 d4 22.
Ne4 Qb5 23. b3 Rhe8 24. Bf1 Qc6 25. Nd2 Bd5 26. Rh2 b5 27. Ra5 Qb6 28. b4 Nc6  0-1

[Event "1. OEsterreichische Internet Schach Meisterschaft - Vorrunde 3"]
[Site "Online - Playchess.com"]
[Date ""]
[Round "1"]
[Board "84"]
[White "Gartmayer, Stefan"]
[Black "Redhammer, Markus"]
[Result "1-0"]
[WhiteElo "1914"]
[BlackElo "1911"]
[PlyCount "87"]
[EventDate "2020.04.17"]
[EventRounds "9"]
[EventCountry "AUT"]

1. d4 d6 2. Nf3 g6 3. c4 Bg7 4. Nc3 Nf6 5. e4 O-O 6. Be2 Nc6 7. d5 Ne5 8. Nxe5 dxe5
9. Be3 e6 10. O-O exd5 11. cxd5 c6 12. dxc6 bxc6 13. Qa4 Qc7 14. Bc5 Rd8 15. Rfd1
Rxd1+ 16. Rxd1 Be6 17. Bd6 Qb6 18. Qa3 Ne8 19. Bc5 Qc7 20. Rc1 Nf6 21. f3 Nd7 22.
Be3 Nb6 23. Na4 Nxa4 24. Qxa4 Bd7 25. Rc5 Bf8 26. Rc4 Qb7 27. Qc2 Rb8 28. b3 a5 29.
h3 Rc8 30. Bc5 Bxc5+ 31. Rxc5 Qa7 32. Kh2 Qb6 33. Rxe5 Qc7 34. f4 f6 35. Re7 Qxf4+
36. Kg1 Qe3+ 37. Kh1 Qd4 38. Qc4+ Qxc4 39. Bxc4+ Kf8 40. Rxd7 Ke8 41. Rxh7 Rd8 42.
Rh8+ Ke7 43. Rxd8 Kxd8 44. h4  1-0

[Event "1. OEsterreichische Internet Schach Meisterschaft - Vorrunde 3"]
[Site "Online - Playchess.com"]
[Date ""]
[Round "1"]
[Board "85"]
[White "Kwech, Gregor"]
[Black "Dreher, David"]
[Result "0-1"]
[WhiteElo "1064"]
[BlackElo "1888"]
[PlyCount "58"]
[EventDate "2020.04.17"]
[EventRounds "9"]
[EventCountry "AUT"]

1. c4 f5 2. Nc3 Nf6 3. d4 e6 4. e3 d5 5. cxd5 exd5 6. Nf3 c6 7. g3 Bd6 8. Bg2 O-O
9. O-O Ne4 10. Bd2 Nd7 11. a3 Ndf6 12. Rc1 Be6 13. Re1 Bf7 14. Rf1 Bh5 15. h3 Qe7
16. Qc2 Bxf3 17. Bxf3 Rac8 18. Rfe1 Kh8 19. Rcd1 Qf7 20. Bxe4 Nxe4 21. Nxe4 fxe4
22. Rf1 Qh5 23. Kg2 Qf3+ 24. Kg1 Rf6 25. Rde1 Bxg3 26. fxg3 Qxg3+ 27. Kh1 Qxh3+ 28.
Kg1 Qg3+ 29. Kh1 Rh6#  0-1

[Event "1. OEsterreichische Internet Schach Meisterschaft - Vorrunde 3"]
[Site "Online - Playchess.com"]
[Date ""]
[Round "1"]
[Board "86"]
[White "Goelles, Herbert"]
[Black "Werdecker, Roland"]
[Result "1-0"]
[WhiteElo "1705"]
[BlackElo "1960"]
[PlyCount "57"]
[EventDate "2020.04.17"]
[EventRounds "9"]
[EventCountry "AUT"]

1. f4 d5 2. Nf3 c5 3. g3 Nc6 4. Bg2 Nf6 5. O-O Qc7 6. d3 e5 7. fxe5 Nxe5 8. Nc3 Nxf3+
9. exf3 Be6 10. Bf4 Qb6 11. Na4 Qc6 12. c4 b5 13. cxb5 Qxb5 14. Re1 Be7 15. Qc2 O-O
16. Rac1 Rac8 17. Nc3 Qb6 18. Kh1 c4 19. dxc4 Rxc4 20. Qe2 Bb4 21. Red1 Rfc8 22.
Na4 Qa5 23. b3 Rxc1 24. Rxc1 Rxc1+ 25. Bxc1 Qc7 26. Bb2 Nd7 27. Qd3 Nb6 28. Qd4 Nxa4
29. Qxg7#  1-0

[Event "1. OEsterreichische Internet Schach Meisterschaft - Vorrunde 3"]
[Site "Online - Playchess.com"]
[Date ""]
[Round "1"]
[Board "87"]
[White "Hofer, Maximilian"]
[Black "Lager, Johannes"]
[Result "1-0"]
[WhiteElo "2108"]
[BlackElo "1611"]
[PlyCount "101"]
[EventDate "2020.04.17"]
[EventRounds "9"]
[EventCountry "AUT"]

1. e4 c5 2. Nf3 d6 3. d4 cxd4 4. Nxd4 Nf6 5. Nc3 a6 6. Be3 e6 7. f3 Be7 8. Qd2 O-O
9. O-O-O Nc6 10. Kb1 Bd7 11. g4 Qc7 12. h4 b5 13. Bd3 b4 14. Nce2 a5 15. h5 Rfc8
16. g5 Ne8 17. g6 fxg6 18. hxg6 hxg6 19. Rdg1 Bf6 20. Rxg6 Kf7 21. Rgg1 a4 22. f4
b3 23. cxb3 axb3 24. Nxb3 Na5 25. Nxa5 Rxa5 26. e5 dxe5 27. fxe5 Bxe5 28. Bd4 Rca8
29. Bg6+ Ke7 30. Bxe5 Qxe5 31. Qb4+ Qd6 32. Qh4+ Nf6 33. Nc3 Qa6 34. Qb4+ Qd6 35.
Qh4 Qa6 36. Be4 Rxa2 37. Rxg7+ Kd6 38. Qf4+ Kc5 39. Qe5+ Kb6 40. Nxa2 Qxa2+ 41. Kc1
Qa1+ 42. Kd2 Qxb2+ 43. Qxb2+ Kc7 44. Qxf6 Ra2+ 45. Bc2 Ra7 46. Rxd7+ Kxd7 47. Rh7+
Kd6 48. Rxa7 Kd5 49. Qd8+ Ke5 50. Qc7+ Kf6 51. Qf4#  1-0

[Event "1. OEsterreichische Internet Schach Meisterschaft - Vorrunde 3"]
[Site "Online - Playchess.com"]
[Date ""]
[Round "1"]
[Board "88"]
[White "Kreutzmann, Duke"]
[Black "Kwech, Martin"]
[Result "1-0"]
[WhiteElo "2036"]
[BlackElo "1105"]
[PlyCount "111"]
[EventDate "2020.04.17"]
[EventRounds "9"]
[EventCountry "AUT"]

1. Nf3 Nf6 2. g3 g6 3. Bg2 Bg7 4. O-O O-O 5. d4 d5 6. c4 e6 7. Nbd2 Nbd7 8. b3 c5
9. Bb2 cxd4 10. Nxd4 dxc4 11. Nxc4 Nb6 12. Rc1 Nfd5 13. e4 Nxc4 14. Rxc4 Nb6 15.
Rc2 e5 16. Nf3 Qxd1 17. Rxd1 Bg4 18. h3 Bxf3 19. Bxf3 Rac8 20. Rdc1 Rxc2 21. Rxc2
Rc8 22. Rxc8+ Nxc8 23. Kf1 Kf8 24. Ba3+ Ke8 25. Bg4 Ne7 26. Be2 Bh6 27. Bc4 Bd2 28.
Bd6 Bc3 29. Ke2 Kd7 30. Bc5 f5 31. f3 fxe4 32. fxe4 a6 33. a4 Ba5 34. Kf3 Bc7 35.
Kg4 Bd6 36. Bb6 Bc7 37. Be3 Bd6 38. Bb6 Bc7 39. Bxc7 Kxc7 40. Kg5 Kd7 41. Kh6 Kd6
42. Kxh7 Kc5 43. Kg7 b5 44. axb5 axb5 45. Bd3 b4 46. Kf6 Ng8+ 47. Kxe5 Ne7 48. Bc4
Nc6+ 49. Kf6 Na5 50. Bd5 Nc6 51. Bxc6 Kxc6 52. e5 Kd7 53. Kf7 g5 54. e6+ Kd8 55.
e7+ Kd7 56. e8=Q+  1-0

[Event "1. OEsterreichische Internet Schach Meisterschaft - Vorrunde 3"]
[Site "Online - Playchess.com"]
[Date ""]
[Round "1"]
[Board "89"]
[White "Pasteiner, Gernot"]
[Black "Leitgeber, Christian"]
[Result "0-1"]
[WhiteElo "1632"]
[BlackElo "1904"]
[PlyCount "68"]
[EventDate "2020.04.17"]
[EventRounds "9"]
[EventCountry "AUT"]

1. e4 c5 2. d4 cxd4 3. c3 dxc3 4. Nxc3 d6 5. Nf3 Nf6 6. Bc4 e6 7. O-O Be7 8. Qe2
O-O 9. Rd1 e5 10. Bg5 Be6 11. Rac1 Nc6 12. h3 Qa5 13. Nb5 Rfd8 14. a3 a6 15. Nc3
Rac8 16. Bxf6 Bxf6 17. Nd5 Bxd5 18. Bxd5 Qb6 19. Rc2 Ne7 20. Rdc1 Rxc2 21. Rxc2 Nxd5
22. exd5 Qb3 23. Rc3 Qxd5 24. Rc7 e4 25. Nd2 Re8 26. Nc4 b5 27. Nb6 Qd3 28. Qg4 Be5
29. g3 h6 30. Nd7 e3 31. Nxe5 exf2+ 32. Kh2 dxe5 33. Rd7 f1=Q 34. Rxd3 Qxd3  0-1

[Event "1. OEsterreichische Internet Schach Meisterschaft - Vorrunde 3"]
[Site "Online - Playchess.com"]
[Date ""]
[Round "1"]
[Board "93"]
[White "Astner, Klaus"]
[Black "Haas, Gerald"]
[Result "0-1"]
[WhiteElo "1409"]
[BlackElo "1906"]
[PlyCount "66"]
[EventDate "2020.04.17"]
[EventRounds "9"]
[EventCountry "AUT"]

1. d4 d5 2. c4 e6 3. Nc3 Nf6 4. Nf3 c6 5. Bg5 Be7 6. e3 Nbd7 7. cxd5 exd5 8. Be2
O-O 9. O-O Ne4 10. a3 Bxg5 11. Nxe4 dxe4 12. Nxg5 Qxg5 13. Qc2 Nf6 14. b4 Be6 15.
Rac1 Bd5 16. a4 a6 17. b5 axb5 18. axb5 Ra2 19. Qd1 Rfa8 20. bxc6 bxc6 21. Bc4 Rb2
22. Bxd5 cxd5 23. Qa4 Rab8 24. Qa3 h6 25. Rc8+ Kh7 26. Rxb8 Rxb8 27. Qa7 Rf8 28.
h3 Ng8 29. Rc1 Qd8 30. Rc7 Qf6 31. Rd7 Qe6 32. Qb7 Nf6 33. g4 Nxd7  0-1

[Event "1. OEsterreichische Internet Schach Meisterschaft - Vorrunde 3"]
[Site "Online - Playchess.com"]
[Date ""]
[Round "1"]
[Board "95"]
[White "Pilshofer, Paul"]
[Black "Kanzian, Heinz"]
[Result "1-0"]
[WhiteElo "1715"]
[BlackElo "1642"]
[PlyCount "37"]
[EventDate "2020.04.17"]
[EventRounds "9"]
[EventCountry "AUT"]

1. d4 d5 2. Nf3 e6 3. g3 Nf6 4. Bg2 Be7 5. O-O h6 6. c4 O-O 7. b3 c6 8. Bb2 Nbd7
9. Nbd2 a6 10. Ne5 Nxe5 11. dxe5 Nd7 12. e4 Nxe5 13. Bxe5 f6 14. Bb2 dxc4 15. Nxc4
b5 16. Qxd8 Rxd8 17. Nb6 Ra7 18. Rad1 Rb7 19. Rxd8+  1-0

[Event "1. OEsterreichische Internet Schach Meisterschaft - Vorrunde 3"]
[Site "Online - Playchess.com"]
[Date ""]
[Round "1"]
[Board "97"]
[White "Flir, Emilio"]
[Black "Kipman, Felix"]
[Result "1-0"]
[WhiteElo "1843"]
[BlackElo "1576"]
[PlyCount "53"]
[EventDate "2020.04.17"]
[EventRounds "9"]
[EventCountry "AUT"]

1. d4 d5 2. c4 e6 3. Nc3 c6 4. e4 Nf6 5. e5 Nfd7 6. Nf3 Bb4 7. Bd3 dxc4 8. Bxc4 Nb6
9. Bd3 Nd5 10. Bd2 Qa5 11. Rc1 Bxc3 12. bxc3 Qxa2 13. O-O Qa5 14. c4 Nb4 15. Ra1
Qxa1 16. Qxa1 Nxd3 17. Qc3 Nb4 18. Qxb4 a5 19. Qb2 a4 20. Ra1 b5 21. cxb5 cxb5 22.
Qxb5+ Bd7 23. Qb7 Bc6 24. Qc8+ Ke7 25. Qxh8 a3 26. Qxg7 Nd7 27. Bb4+  1-0

[Event "1. OEsterreichische Internet Schach Meisterschaft - Vorrunde 3"]
[Site "Online - Playchess.com"]
[Date ""]
[Round "1"]
[Board "98"]
[White "Janes, Christian"]
[Black "Borrmann, Laurenz"]
[Result "0-1"]
[WhiteElo "1726"]
[BlackElo "1880"]
[PlyCount "70"]
[EventDate "2020.04.17"]
[EventRounds "9"]
[EventCountry "AUT"]

1. e4 c5 2. Nf3 d6 3. c3 Nf6 4. e5 dxe5 5. Nxe5 g6 6. d4 Bg7 7. Bb5+ Nbd7 8. O-O
O-O 9. Bxd7 Bxd7 10. Nxd7 Qxd7 11. Bg5 cxd4 12. Re1 Rfe8 13. cxd4 e6 14. Nc3 Nd5
15. Rc1 Rac8 16. Be3 h5 17. Qf3 Red8 18. a4 b6 19. Nb5 a6 20. Rxc8 Rxc8 21. Nc3 Nxc3
22. bxc3 Rxc3 23. Qa8+ Kh7 24. Qxa6 Bxd4 25. Bxd4 Qxd4 26. Rf1 Ra3 27. Qb5 Rxa4 28.
g3 Ra5 29. Qe8 Rf5 30. h3 b5 31. Rb1 b4 32. Qb8 Qxf2+ 33. Kh1 Qf3+ 34. Kg1 Qe3+ 35.
Kh1 Qe4+  0-1

[Event "1. OEsterreichische Internet Schach Meisterschaft - Vorrunde 3"]
[Site "Online - Playchess.com"]
[Date ""]
[Round "1"]
[Board "100"]
[White "Rosol, Philip"]
[Black "Gugler, Giorgio"]
[Result "1-0"]
[WhiteElo "1468"]
[BlackElo "1405"]
[PlyCount "115"]
[EventDate "2020.04.17"]
[EventRounds "9"]
[EventCountry "AUT"]

1. e4 c5 2. Nf3 Nc6 3. d4 cxd4 4. Nxd4 e6 5. Nc3 Bc5 6. Nxc6 bxc6 7. Bd3 Qb6 8. O-O
Ba6 9. Na4 Qa5 10. Bxa6 Bxf2+ 11. Rxf2 Qxa6 12. Nc3 Rb8 13. Qf1 Qb6 14. Kh1 f6 15.
b3 Ne7 16. Ba3 c5 17. Na4 Qa5 18. Bxc5 Nc6 19. Bd6 Rb5 20. c4 Rh5 21. g4 Rh4 22.
Rxf6 gxf6 23. Qxf6 Qd2 24. Qxh8+ Kf7 25. Qf8+ Kg6 26. Qg8+ Kf6 27. g5+ Qxg5 28. Qxg5+
Kxg5 29. Rg1+ Kh5 30. Rg7 Rxe4 31. Rxh7+ Kg6 32. Rxd7 Nd4 33. Rxa7 Re1+ 34. Kg2 Re2+
35. Kf1 Rxa2 36. Be5 Nf3 37. Rg7+ Kh6 38. Re7 Nxe5 39. Rxe6+ Kg7 40. Rxe5 Ra1+ 41.
Re1 Ra2 42. Re2 Ra1+ 43. Kf2 Rh1 44. Kg2 Rc1 45. c5 Rb1 46. Re3 Rc1 47. b4 Rc2+ 48.
Kh3 Rc3 49. Rxc3 Kf6 50. c6 Ke7 51. c7 Kd7 52. c8=Q+ Ke7 53. Re3+ Kf6 54. Qc4 Kg5
55. Rf3 Kg6 56. Qg4+ Kh6 57. Rf5 Kh7 58. Rh5#  1-0

[Event "1. OEsterreichische Internet Schach Meisterschaft - Vorrunde 3"]
[Site "Online - Playchess.com"]
[Date ""]
[Round "2"]
[Board "1"]
[White "Rosol, Alexander"]
[Black "Ragger, Markus"]
[Result "0-1"]
[WhiteElo "1933"]
[BlackElo "2679"]
[PlyCount "60"]
[EventDate "2020.04.17"]
[EventRounds "9"]
[EventCountry "AUT"]

1. e4 e5 2. Nf3 Nc6 3. Nc3 Nf6 4. d4 exd4 5. Nxd4 Bc5 6. Be3 Bb6 7. f3 O-O 8. Bc4
Qe7 9. Bb3 d6 10. Qd2 Nxd4 11. Bxd4 Be6 12. O-O-O Bxb3 13. axb3 Rfe8 14. g4 Bxd4
15. Qxd4 Qe5 16. Qd2 a5 17. f4 Qc5 18. Rde1 a4 19. b4 Qxb4 20. g5 Nxe4 21. Rxe4 Rxe4
22. h4 Ree8 23. Kb1 a3 24. b3 a2+ 25. Ka1 c5 26. h5 d5 27. g6 d4 28. gxh7+ Kh8 29.
h6 Qxc3+ 30. Qxc3 dxc3  0-1

[Event "1. OEsterreichische Internet Schach Meisterschaft - Vorrunde 3"]
[Site "Online - Playchess.com"]
[Date ""]
[Round "2"]
[Board "2"]
[White "Diermair, Andreas"]
[Black "Nolz, Tom"]
[Result "1-0"]
[WhiteElo "2465"]
[BlackElo "2157"]
[PlyCount "89"]
[EventDate "2020.04.17"]
[EventRounds "9"]
[EventCountry "AUT"]

1. d4 d5 2. c4 dxc4 3. Nf3 Nf6 4. e3 a6 5. Bxc4 e6 6. O-O b5 7. Bb3 Bb7 8. Qe2 Be7
9. Rd1 O-O 10. Nc3 Ne4 11. Bc2 Nd6 12. e4 b4 13. Na4 Nd7 14. Bf4 Bc6 15. Nc5 Bb5
16. Qe1 Nb6 17. Qxb4 Bc6 18. Qc3 a5 19. Ne5 Be8 20. Qg3 Kh8 21. b3 a4 22. b4 a3 23.
Bb3 Nb5 24. Bxe6 Nxd4 25. Bg4 Bf6 26. Qe3 Bxe5 27. Bxe5 Qh4 28. h3 Nc2 29. Bxg7+
Kg8 30. Qc3 Nxa1 31. Bxf8 Kxf8 32. Qh8+ Ke7 33. Qe5+ Kf8 34. Qxa1 Bc6 35. Qh8+ Ke7
36. Qe5+ Kf8 37. Qxc7 Ba4 38. Rd3 Qf6 39. Rf3 Qa1+ 40. Kh2 Be8 41. Qxb6 Rc8 42. Qd6+
Kg7 43. e5 Rc6 44. Qe7 Rg6 45. Qxe8  1-0

[Event "1. OEsterreichische Internet Schach Meisterschaft - Vorrunde 3"]
[Site "Online - Playchess.com"]
[Date ""]
[Round "2"]
[Board "3"]
[White "Froewis, Georg"]
[Black "Schloffer, Jasmin-Denise"]
[Result "1-0"]
[WhiteElo "2457"]
[BlackElo "2110"]
[PlyCount "123"]
[EventDate "2020.04.17"]
[EventRounds "9"]
[EventCountry "AUT"]

1. Nf3 Nf6 2. c4 e6 3. b3 Be7 4. Bb2 O-O 5. g3 d5 6. Bg2 b6 7. O-O c5 8. e3 Bb7 9.
d3 Nbd7 10. Qe2 Rc8 11. Nc3 Qc7 12. Rac1 Qb8 13. Rfd1 Rfd8 14. Ne1 Qa8 15. f4 d4
16. exd4 Bxg2 17. Qxg2 Qxg2+ 18. Kxg2 cxd4 19. Ne2 e5 20. fxe5 Nxe5 21. Bxd4 Nc6
22. Bg1 Ba3 23. Rb1 Nb4 24. Nc3 Nc6 25. Nc2 Be7 26. d4 Nb4 27. Nxb4 Bxb4 28. Rbc1
h5 29. d5 Bxc3 30. Rxc3 Rxd5 31. Rxd5 Nxd5 32. Rd3 Nb4 33. Rd7 Nc6 34. c5 bxc5 35.
Bxc5 a5 36. Rd5 Nb4 37. Bxb4 axb4 38. Rxh5 Rc2+ 39. Kh3 Rxa2 40. Rb5 Rb2 41. Rxb4
Kf8 42. Rb7 g6 43. g4 Kg7 44. Kg3 Kg8 45. h4 Kg7 46. g5 Rb1 47. Rb4 Rg1+ 48. Kf4
Re1 49. Re4 Rb1 50. b4 Rb2 51. Ke5 Rb1 52. Kd6 Ra1 53. b5 Rb1 54. Kc6 Rc1+ 55. Kd6
Rb1 56. Kc5 Rc1+ 57. Rc4 Rb1 58. b6 Rb2 59. Rb4 Rc2+ 60. Kb5 Rc8 61. b7 Rb8 62. Kc6
 1-0

[Event "1. OEsterreichische Internet Schach Meisterschaft - Vorrunde 3"]
[Site "Online - Playchess.com"]
[Date ""]
[Round "2"]
[Board "4"]
[White "Schweda, Roland"]
[Black "Kucharski, Michael"]
[Result "1-0"]
[WhiteElo "2449"]
[BlackElo "1948"]
[PlyCount "99"]
[EventDate "2020.04.17"]
[EventRounds "9"]
[EventCountry "AUT"]

1. d4 d5 2. c4 c6 3. Nf3 Nf6 4. Qc2 dxc4 5. Qxc4 Bg4 6. Nc3 Bxf3 7. gxf3 e6 8. e4
Nbd7 9. Be3 Qa5 10. Be2 Rd8 11. a3 g6 12. b4 Qc7 13. e5 Nh5 14. Bg5 Rc8 15. Ne4 Nb6
16. Qd3 Nd5 17. f4 Ng7 18. Bf6 Rg8 19. Qd2 Nf5 20. Rc1 Qd7 21. Bc4 Be7 22. Bxe7 Qxe7
23. Bxd5 exd5 24. Nf6+ Kf8 25. Nxg8 Kxg8 26. Rc3 a6 27. O-O Rd8 28. Rb1 Qh4 29. a4
Ng7 30. Kf1 Ne6 31. Rf3 Qxh2 32. Ke2 Qh5 33. Rg1 Kf8 34. Qe3 Qf5 35. Kd2 h5 36. Qd3
Qxd3+ 37. Kxd3 Ng7 38. Rb1 Ne6 39. f5 Ng5 40. Rf4 Kg7 41. fxg6 fxg6 42. b5 axb5 43.
axb5 Rc8 44. bxc6 bxc6 45. Rb7+ Kh6 46. Rf6 c5 47. dxc5 Rxc5 48. f4 Ne4 49. Rff7
g5 50. Rb6+  1-0

[Event "1. OEsterreichische Internet Schach Meisterschaft - Vorrunde 3"]
[Site "Online - Playchess.com"]
[Date ""]
[Round "2"]
[Board "5"]
[White "Hechl, Gerald"]
[Black "Schreiner, Peter"]
[Result "0-1"]
[WhiteElo "2333"]
[BlackElo "2440"]
[PlyCount "74"]
[EventDate "2020.04.17"]
[EventRounds "9"]
[EventCountry "AUT"]

1. d4 Nf6 2. Bg5 d5 3. Bxf6 exf6 4. e3 Bd6 5. g3 f5 6. Bg2 c6 7. Ne2 h5 8. O-O h4
9. c4 dxc4 10. Na3 Be6 11. Nf4 Bxf4 12. gxf4 h3 13. Bf3 Bd5 14. Rc1 b5 15. b3 c3
16. Re1 b4 17. Nc4 Kf8 18. Ne5 Rh6 19. Kh1 Nd7 20. Rg1 Nxe5 21. dxe5 Bxf3+ 22. Qxf3
Qd5 23. Rg3 Qxf3+ 24. Rxf3 Rd8 25. e4 fxe4 26. Re3 Rd2 27. Rxe4 a5 28. f5 c2 29.
Kg1 Rh4 30. Ree1 Rf4 31. e6 fxe6 32. fxe6 Ke7 33. f3 Rxf3 34. Re5 Rd1+ 35. Re1 Rxe1+
36. Rxe1 Re3 37. Rc1 Re2  0-1

[Event "1. OEsterreichische Internet Schach Meisterschaft - Vorrunde 3"]
[Site "Online - Playchess.com"]
[Date ""]
[Round "2"]
[Board "6"]
[White "Schwabeneder, Florian"]
[Black "Flir, Emilio"]
[Result "1/2-1/2"]
[WhiteElo "2431"]
[BlackElo "1843"]
[PlyCount "87"]
[EventDate "2020.04.17"]
[EventRounds "9"]
[EventCountry "AUT"]

1. e4 c5 2. Nf3 d6 3. c3 Nf6 4. Be2 e6 5. O-O Be7 6. Re1 O-O 7. Bf1 Nc6 8. h3 a6
9. d4 cxd4 10. cxd4 b5 11. a4 b4 12. Nbd2 a5 13. b3 Ba6 14. Bxa6 Rxa6 15. Bb2 d5
16. e5 Nd7 17. Qe2 Ra7 18. Rac1 Qb6 19. Rc2 Rc7 20. Rec1 Rfc8 21. Qb5 Bd8 22. Qd3
Ne7 23. Nf1 Rxc2 24. Rxc2 Rc6 25. Ne3 Qc7 26. Rxc6 Qxc6 27. g3 g6 28. Kg2 Kg7 29.
h4 h5 30. g4 hxg4 31. Nxg4 Nf5 32. Ne3 Nxh4+ 33. Nxh4 Bxh4 34. Qe2 Be7 35. Ng4 Qc8
36. Qd2 Qh8 37. Bc1 Qh4 38. Qe2 Bg5 39. f4 Be7 40. Be3 Qh5 41. Qf3 Qh4 42. Qe2 Qh5
43. Qf3 Qh4 44. Qe2  1/2-1/2

[Event "1. OEsterreichische Internet Schach Meisterschaft - Vorrunde 3"]
[Site "Online - Playchess.com"]
[Date ""]
[Round "2"]
[Board "7"]
[White "Goelles, Herbert"]
[Black "Blohberger, Felix"]
[Result "0-1"]
[WhiteElo "1705"]
[BlackElo "2448"]
[PlyCount "110"]
[EventDate "2020.04.17"]
[EventRounds "9"]
[EventCountry "AUT"]

1. f4 d5 2. Nf3 h6 3. g3 g5 4. e3 Bg7 5. d4 Bf5 6. Bd3 Bxd3 7. Qxd3 c6 8. Ne5 Nd7
9. Nd2 e6 10. Ndf3 Ngf6 11. fxg5 hxg5 12. Nxg5 Nxe5 13. dxe5 Nd7 14. Nxf7 Kxf7 15.
O-O+ Kg8 16. Qg6 Qe8 17. Qg5 Qh5 18. Qxh5 Rxh5 19. e4 Nxe5 20. exd5 exd5 21. c3 Re8
22. Bf4 Nd3 23. Rab1 Rf5 24. Bd6 Rxf1+ 25. Kxf1 Re6 26. Bb8 a5 27. Kg2 Re2+ 28. Kh3
Rxb2 29. Rf1 Nf2+ 30. Kh4 Bf6+ 31. Kh5 Kg7 32. h4 Ne4 33. g4 Bxc3 34. Rg1 Nf6+ 35.
Kg5 Rf2 36. h5 Ne4+ 37. Kh4 Bf6+ 38. g5 Bxg5+ 39. Kg4 Kh6 40. a4 d4 41. Rd1 Be3 42.
Bc7 Nf6+ 43. Kg3 Nxh5+ 44. Kg4 Nf6+ 45. Kg3 Ne4+ 46. Kg4 Kg6 47. Bxa5 Rf4+ 48. Kh3
Nf2+ 49. Kg2 Nxd1 50. Be1 d3 51. a5 d2 52. Bg3 Ra4 53. Kf3 Nc3 54. Kxe3 d1=Q 55.
Bf2 Nd5#  0-1

[Event "1. OEsterreichische Internet Schach Meisterschaft - Vorrunde 3"]
[Site "Online - Playchess.com"]
[Date ""]
[Round "2"]
[Board "8"]
[White "Kozissnik, Christian"]
[Black "Poetz, Florian"]
[Result "0-1"]
[WhiteElo "2023"]
[BlackElo "2422"]
[PlyCount "54"]
[EventDate "2020.04.17"]
[EventRounds "9"]
[EventCountry "AUT"]

1. d4 c5 2. c3 Nf6 3. Nf3 e6 4. g3 b6 5. Bg2 Bb7 6. O-O Be7 7. b3 O-O 8. Bb2 d6 9.
Nbd2 a6 10. Qc2 Nc6 11. e4 cxd4 12. cxd4 Rc8 13. Qd1 Nb4 14. e5 Nfd5 15. Nc4 dxe5
16. dxe5 b5 17. a3 bxc4 18. axb4 c3 19. Ba3 Bxb4 20. Bxb4 Nxb4 21. Ra4 Qxd1 22. Rxd1
c2 23. Rc1 Nd3 24. Raa1 Nxc1 25. Rxc1 Rfd8 26. Nd4 Bxg2 27. Nxc2 Be4  0-1

[Event "1. OEsterreichische Internet Schach Meisterschaft - Vorrunde 3"]
[Site "Online - Playchess.com"]
[Date ""]
[Round "2"]
[Board "9"]
[White "Haas, Gerald"]
[Black "Schneider-Zinner, Harald"]
[Result "0-1"]
[WhiteElo "1906"]
[BlackElo "2381"]
[PlyCount "58"]
[EventDate "2020.04.17"]
[EventRounds "9"]
[EventCountry "AUT"]

1. c4 e6 2. Nc3 d5 3. d4 Nf6 4. f3 c5 5. cxd5 exd5 6. e3 Nc6 7. Nge2 Be7 8. g3 O-O
9. Bg2 Re8 10. O-O Bf8 11. a3 Bf5 12. e4 dxe4 13. d5 Nd4 14. Nxd4 cxd4 15. Qxd4 Rc8
16. Kh1 Bc5 17. Qd1 e3 18. Qe2 Bb6 19. Rd1 a6 20. g4 Bg6 21. g5 Nh5 22. Ne4 Nf4 23.
Qd3 Nxd3 24. Rxd3 e2 25. Bd2 Bxe4 26. fxe4 Bf2 27. Be1 Bxe1 28. Rxe1 Qxg5 29. Rxe2
Rc1+  0-1

[Event "1. OEsterreichische Internet Schach Meisterschaft - Vorrunde 3"]
[Site "Online - Playchess.com"]
[Date ""]
[Round "2"]
[Board "10"]
[White "Freitag, Manfred"]
[Black "Tauber, Andreas"]
[Result "1-0"]
[WhiteElo "2356"]
[BlackElo "1972"]
[PlyCount "53"]
[EventDate "2020.04.17"]
[EventRounds "9"]
[EventCountry "AUT"]

1. e4 d6 2. d4 Nf6 3. Nc3 g6 4. f4 Bg7 5. Nf3 Bg4 6. h3 Bxf3 7. Qxf3 Nc6 8. Be3 Nb4
9. O-O-O Nd7 10. a3 Na6 11. e5 dxe5 12. dxe5 c6 13. h4 h5 14. e6 fxe6 15. Bd3 Rh6
16. Bxa6 Bxc3 17. Bc4 Qa5 18. bxc3 Qxc3 19. Bb3 O-O-O 20. Kb1 c5 21. Bxe6 Qxa3 22.
Bc1 Qb4+ 23. Qb3 Qxb3+ 24. cxb3 Kc7 25. f5 Rhh8 26. fxg6 Nf8 27. Bf4+  1-0

[Event "1. OEsterreichische Internet Schach Meisterschaft - Vorrunde 3"]
[Site "Online - Playchess.com"]
[Date ""]
[Round "2"]
[Board "11"]
[White "Buchegger, Fridolin"]
[Black "Huber, Martin Christian"]
[Result "1-0"]
[WhiteElo "1827"]
[BlackElo "2341"]
[PlyCount "105"]
[EventDate "2020.04.17"]
[EventRounds "9"]
[EventCountry "AUT"]

1. e4 c5 2. Nf3 e6 3. d4 cxd4 4. Nxd4 Nc6 5. Nc3 Qc7 6. Be3 a6 7. Bd3 b5 8. O-O Bb7
9. a3 Rc8 10. Qd2 Nf6 11. f3 Be7 12. Kh1 O-O 13. Rad1 d6 14. f4 Rfd8 15. Qf2 Ng4
16. Qf3 Nxe3 17. Qxe3 Nxd4 18. Qxd4 Bf6 19. Qe3 Bxc3 20. bxc3 Qxc3 21. Qh3 d5 22.
exd5 Bxd5 23. Qxh7+ Kf8 24. f5 Ke7 25. fxe6 Bxe6 26. Rde1 Rh8 27. Qf5 Qc7 28. Qxf7+
Kd6 29. Qxe6+ Kc5 30. Rf5+ Kd4 31. Qe5+ Qxe5 32. Rexe5 Kc3 33. Rc5+ Kb2 34. Rxc8
Rxc8 35. Rg5 Kxa3 36. Rxg7 Rc6 37. Ra7 Kb4 38. g4 Rb6 39. g5 a5 40. h4 a4 41. h5
Kc3 42. g6 Kb2 43. g7 Rb8 44. Bxb5 a3 45. Bc4 Rc8 46. Bb3 Rc5 47. g8=Q Rxh5+ 48.
Kg2 Rc5 49. Qe6 Rc3 50. Qf6 a2 51. Rxa2+ Kb1 52. Qxc3 Kc1 53. Qe1#  1-0